| Tag |
First Indicator |
Second Indicator |
Subfields |
| LEADER |
00000cas a2200000 a 4500 |
| 001 |
in00000307749 |
| 005 |
20151010093542.0 |
| 008 |
751107c19669999mauqr1p 0 a0eng |
| 010 |
|
|
|a 74001729
|
| 012 |
|
|
|a 3
|b 3
|e n
|i 8804
|j 0
|k 1
|l p
|m p
|
| 019 |
|
|
|a 2451770
|
| 022 |
0 |
|
|a 0591-2385
|9 0044-5614
|
| 032 |
|
|
|a 063610
|b USPS
|
| 035 |
|
|
|a (OCoLC)ocm01814793
|
| 035 |
|
|
|a (OCoLC)01814793
|
| 035 |
|
|
|9 ABG8218AM
|
| 037 |
|
|
|b Journals Fulfillment Manager, Blackwell Publishers, 238 Main Street, Cambridge, MA 02142
|
| 040 |
|
|
|a DLC
|c BTI
|d NSD
|d IUL
|d DLC
|d AIP
|d NSD
|d AIP
|d OCL
|d AIP
|d NSD
|d DLC
|d NST
|d NSD
|d HUL
|d IUL
|d MXC
|d OCL
|d SYS
|d UMC
|d CUS
|d OCLCQ
|d UtOrBLW
|
| 042 |
|
|
|a nsdp
|a lc
|
| 049 |
|
|
|a TXAM
|
| 050 |
0 |
0 |
|a BL240.2
|b .Z9
|
| 082 |
0 |
|
|a 215
|
| 210 |
0 |
|
|a Zygon
|
| 222 |
|
0 |
|a Zygon
|
| 245 |
0 |
0 |
|a Zygon.
|
| 264 |
|
1 |
|a Chicago, Ill. :
|b Joint Publication Board of the Institute on Religion in an Age of Science and Meadville Theological Seminary of Lombard College,
|c [1966-]
|
| 264 |
|
4 |
|c ©1966-
|
| 300 |
|
|
|a volumes ;
|c 23 cm.
|
| 310 |
|
|
|a Quarterly
|
| 336 |
|
|
|a text
|b txt
|2 rdacontent
|
| 337 |
|
|
|a unmediated
|b n
|2 rdamedia
|
| 338 |
|
|
|a volume
|b nc
|2 rdacarrier
|
| 362 |
0 |
|
|a Vol. 1, no. 1 (Mar. 1966)-
|
| 500 |
|
|
|a Title from cover.
|
| 500 |
|
|
|a Published: Winter Park, Fla. : Joint Publication Board of Zygon, <1985- >; Cambridge, MA : Joint Publication Board of Zygon through Blackwell Publishers, <1996- >
|
| 500 |
|
|
|a "Journal of religion and science."
|
| 530 |
|
|
|a Also available on microfilm by University Microfilms, on microfiche by Kraus Microform, and to subscribers of OCLC FirstSearch Electronic Collections Online and Ingenta via the World Wide Web.
|
| 550 |
|
|
|a Vols. for 1966- sponsored by the Institute on Religion in an Age of Science and Meadville Theological School (later called: Meadville/Lombard Theological School); <1985- > sponsored by the Institute, the Center for Advanced Study in Religion and Science, and Rollins College; issued by: Chicago Center for Religion and Science, <1992- >
|
| 650 |
|
0 |
|a Religion and science
|y 1946-
|v Periodicals.
|
| 650 |
|
2 |
|a Religion and Science
|v periodicals.
|
| 710 |
2 |
|
|a Institute on Religion in an Age of Science.
|
| 710 |
2 |
|
|a Meadville Theological School.
|
| 710 |
2 |
|
|a Meadville/Lombard Theological School.
|
| 710 |
2 |
|
|a Center for Advanced Study in Religion and Science.
|
| 710 |
2 |
|
|a Rollins College (Winter Park, Fla.)
|
| 710 |
2 |
|
|a Chicago Center for Religion and Science.
|
| 770 |
0 |
|
|t Zygon newsletter
|w (DLC)sc 88034106
|w (OCoLC)5792542
|
| 776 |
1 |
|
|t Zygon (Online)
|w (OCoLC)39082383
|
| 850 |
|
|
|a DLC
|a InU
|a KyU
|a ViBlbV
|a WM
|
| 891 |
3 |
3 |
|9 853
|8 1
|a v.
|i (year)
|
| 891 |
4 |
0 |
|9 863
|8 1
|a <1>-
|i <1966>-
|x provisional
|
| 936 |
|
|
|a Vol. 31, no. 1 (Mar. 1996) (surrogate) LIC
|
| 949 |
|
|
|a AM_DB_MFHD URL added
|b h
|c 2003/7/7
|d c
|e rstovall5
|f 1:12:54 pm
|
| 994 |
|
|
|a E0
|b TXA
|
| 999 |
|
|
|a MARS
|
| 999 |
f |
f |
|s b2f87db1-1908-3f4e-8f50-4fc6907db475
|i 92ef8691-a812-3320-a105-f5caef4e10c7
|t 0
|
| 952 |
f |
f |
|p ric
|a Texas A&M University
|b Rellis Campus
|c Joint Library Facility
|d Remote Storage
|t 0
|e BL240.2 .Z9
|h Library of Congress classification
|i unmediated -- volume
|k v.33
|l 1998
|m A14825375972
|
| 952 |
f |
f |
|p ric
|a Texas A&M University
|b Rellis Campus
|c Joint Library Facility
|d Remote Storage
|t 0
|e BL240.2 .Z9
|h Library of Congress classification
|i unmediated -- volume
|k v.37:no.3-4
|l 2002:Sept.-Dec.
|m A14830645853
|
| 952 |
f |
f |
|p ric
|a Texas A&M University
|b Rellis Campus
|c Joint Library Facility
|d Remote Storage
|t 0
|e BL240.2 .Z9
|h Library of Congress classification
|i unmediated -- volume
|k v.29
|l 1994
|m A14820103419
|
| 952 |
f |
f |
|p ric
|a Texas A&M University
|b Rellis Campus
|c Joint Library Facility
|d Remote Storage
|t 0
|e BL240.2 .Z9
|h Library of Congress classification
|i unmediated -- volume
|k v.36:no.4
|l 2001:Dec.
|m A14830645861
|
| 952 |
f |
f |
|p ric
|a Texas A&M University
|b Rellis Campus
|c Joint Library Facility
|d Remote Storage
|t 0
|e BL240.2 .Z9
|h Library of Congress classification
|i unmediated -- volume
|k v.36:no.1-2
|l 2001:Mar.-June
|m A14830645837
|
| 952 |
f |
f |
|p ric
|a Texas A&M University
|b Rellis Campus
|c Joint Library Facility
|d Remote Storage
|t 0
|e BL240.2 .Z9
|h Library of Congress classification
|i unmediated -- volume
|k v.35:no.1-2
|l 2000:Mar.-June
|m A14828603667
|
| 952 |
f |
f |
|p ric
|a Texas A&M University
|b Rellis Campus
|c Joint Library Facility
|d Remote Storage
|t 0
|e BL240.2 .Z9
|h Library of Congress classification
|i unmediated -- volume
|k v.31
|l 1996
|m A14821444486
|
| 952 |
f |
f |
|p ric
|a Texas A&M University
|b Rellis Campus
|c Joint Library Facility
|d Remote Storage
|t 0
|e BL240.2 .Z9
|h Library of Congress classification
|i unmediated -- volume
|k v.14
|l 1979
|m A14843015091
|
| 952 |
f |
f |
|p ric
|a Texas A&M University
|b Rellis Campus
|c Joint Library Facility
|d Remote Storage
|t 0
|e BL240.2 .Z9
|h Library of Congress classification
|i unmediated -- volume
|k v.25
|l 1990
|m A14812958101
|
| 952 |
f |
f |
|p ric
|a Texas A&M University
|b Rellis Campus
|c Joint Library Facility
|d Remote Storage
|t 0
|e BL240.2 .Z9
|h Library of Congress classification
|i unmediated -- volume
|k v.22
|l 1987
|m A14811784656
|
| 952 |
f |
f |
|p ric
|a Texas A&M University
|b Rellis Campus
|c Joint Library Facility
|d Remote Storage
|t 0
|e BL240.2 .Z9
|h Library of Congress classification
|i unmediated -- volume
|k v.35:no.3-4
|l 2000:Sept.-Dec.
|m A14828603706
|
| 952 |
f |
f |
|p ric
|a Texas A&M University
|b Rellis Campus
|c Joint Library Facility
|d Remote Storage
|t 0
|e BL240.2 .Z9
|h Library of Congress classification
|i unmediated -- volume
|k v.13
|l 1978
|m A14843015208
|
| 952 |
f |
f |
|p ric
|a Texas A&M University
|b Rellis Campus
|c Joint Library Facility
|d Remote Storage
|t 0
|e BL240.2 .Z9
|h Library of Congress classification
|i unmediated -- volume
|k v.3
|l 1968
|m A14843015075
|
| 952 |
f |
f |
|p ric
|a Texas A&M University
|b Rellis Campus
|c Joint Library Facility
|d Remote Storage
|t 0
|e BL240.2 .Z9
|h Library of Congress classification
|i unmediated -- volume
|k v.5
|l 1970
|m A14843014854
|
| 952 |
f |
f |
|p ric
|a Texas A&M University
|b Rellis Campus
|c Joint Library Facility
|d Remote Storage
|t 0
|e BL240.2 .Z9
|h Library of Congress classification
|i unmediated -- volume
|k v.34
|l 1999
|m A14826476187
|
| 952 |
f |
f |
|p ric
|a Texas A&M University
|b Rellis Campus
|c Joint Library Facility
|d Remote Storage
|t 0
|e BL240.2 .Z9
|h Library of Congress classification
|i unmediated -- volume
|k v.10
|l 1975
|m A14843015190
|
| 952 |
f |
f |
|p ric
|a Texas A&M University
|b Rellis Campus
|c Joint Library Facility
|d Remote Storage
|t 0
|e BL240.2 .Z9
|h Library of Congress classification
|i unmediated -- volume
|k v.12
|l 1977
|m A14843015315
|
| 952 |
f |
f |
|p ric
|a Texas A&M University
|b Rellis Campus
|c Joint Library Facility
|d Remote Storage
|t 0
|e BL240.2 .Z9
|h Library of Congress classification
|i unmediated -- volume
|k v.38:no.3-4
|l 2003:Sept.-Dec.
|m A14831815037
|
| 952 |
f |
f |
|p ric
|a Texas A&M University
|b Rellis Campus
|c Joint Library Facility
|d Remote Storage
|t 0
|e BL240.2 .Z9
|h Library of Congress classification
|i unmediated -- volume
|k v.28
|l 1993
|m A14817220105
|
| 952 |
f |
f |
|p ric
|a Texas A&M University
|b Rellis Campus
|c Joint Library Facility
|d Remote Storage
|t 0
|e BL240.2 .Z9
|h Library of Congress classification
|i unmediated -- volume
|k v.8
|l 1973
|m A14843015083
|
| 952 |
f |
f |
|p ric
|a Texas A&M University
|b Rellis Campus
|c Joint Library Facility
|d Remote Storage
|t 0
|e BL240.2 .Z9
|h Library of Congress classification
|i unmediated -- volume
|k v.27
|l 1992
|m A14817218093
|
| 952 |
f |
f |
|p ric
|a Texas A&M University
|b Rellis Campus
|c Joint Library Facility
|d Remote Storage
|t 0
|e BL240.2 .Z9
|h Library of Congress classification
|i unmediated -- volume
|k v.2
|l 1967
|m A14843015182
|
| 952 |
f |
f |
|p ric
|a Texas A&M University
|b Rellis Campus
|c Joint Library Facility
|d Remote Storage
|t 0
|e BL240.2 .Z9
|h Library of Congress classification
|i unmediated -- volume
|k v.30
|l 1995
|m A14820275347
|
| 952 |
f |
f |
|p ric
|a Texas A&M University
|b Rellis Campus
|c Joint Library Facility
|d Remote Storage
|t 0
|e BL240.2 .Z9
|h Library of Congress classification
|i unmediated -- volume
|k v.21
|l 1986
|m A14816644681
|
| 952 |
f |
f |
|p ric
|a Texas A&M University
|b Rellis Campus
|c Joint Library Facility
|d Remote Storage
|t 0
|e BL240.2 .Z9
|h Library of Congress classification
|i unmediated -- volume
|k v.6
|l 1971
|m A14843014862
|
| 952 |
f |
f |
|p ric
|a Texas A&M University
|b Rellis Campus
|c Joint Library Facility
|d Remote Storage
|t 0
|e BL240.2 .Z9
|h Library of Congress classification
|i unmediated -- volume
|k v.37:no.1-2
|l 2002:Mar.-June
|m A14830645829
|
| 952 |
f |
f |
|p ric
|a Texas A&M University
|b Rellis Campus
|c Joint Library Facility
|d Remote Storage
|t 0
|e BL240.2 .Z9
|h Library of Congress classification
|i unmediated -- volume
|k v.15
|l 1980
|m A14816644754
|
| 952 |
f |
f |
|p ric
|a Texas A&M University
|b Rellis Campus
|c Joint Library Facility
|d Remote Storage
|t 0
|e BL240.2 .Z9
|h Library of Congress classification
|i unmediated -- volume
|k v.20
|l 1985
|m A14811835148
|
| 952 |
f |
f |
|p ric
|a Texas A&M University
|b Rellis Campus
|c Joint Library Facility
|d Remote Storage
|t 0
|e BL240.2 .Z9
|h Library of Congress classification
|i unmediated -- volume
|k v.26
|l 1991
|m A14815673823
|
| 952 |
f |
f |
|p ric
|a Texas A&M University
|b Rellis Campus
|c Joint Library Facility
|d Remote Storage
|t 0
|e BL240.2 .Z9
|h Library of Congress classification
|i unmediated -- volume
|k v.9
|l 1974
|m A14829494087
|
| 952 |
f |
f |
|p ric
|a Texas A&M University
|b Rellis Campus
|c Joint Library Facility
|d Remote Storage
|t 0
|e BL240.2 .Z9
|h Library of Congress classification
|i unmediated -- volume
|k v.4
|l 1969
|m A14843014961
|
| 952 |
f |
f |
|p ric
|a Texas A&M University
|b Rellis Campus
|c Joint Library Facility
|d Remote Storage
|t 0
|e BL240.2 .Z9
|h Library of Congress classification
|i unmediated -- volume
|k v.1
|l 1966
|m A14843015299
|
| 952 |
f |
f |
|p ric
|a Texas A&M University
|b Rellis Campus
|c Joint Library Facility
|d Remote Storage
|t 0
|e BL240.2 .Z9
|h Library of Congress classification
|i unmediated -- volume
|k v.16-17
|l 1981-1982
|m A14843014987
|
| 952 |
f |
f |
|p ric
|a Texas A&M University
|b Rellis Campus
|c Joint Library Facility
|d Remote Storage
|t 0
|e BL240.2 .Z9
|h Library of Congress classification
|i unmediated -- volume
|k v.11
|l 1976
|m A14843015307
|
| 952 |
f |
f |
|p ric
|a Texas A&M University
|b Rellis Campus
|c Joint Library Facility
|d Remote Storage
|t 0
|e BL240.2 .Z9
|h Library of Congress classification
|i unmediated -- volume
|k v.7
|l 1972
|m A14843014979
|
| 952 |
f |
f |
|p ric
|a Texas A&M University
|b Rellis Campus
|c Joint Library Facility
|d Remote Storage
|t 0
|e BL240.2 .Z9
|h Library of Congress classification
|i unmediated -- volume
|k v.23
|l 1988
|m A14811784606
|
| 952 |
f |
f |
|p ric
|a Texas A&M University
|b Rellis Campus
|c Joint Library Facility
|d Remote Storage
|t 0
|e BL240.2 .Z9
|h Library of Congress classification
|i unmediated -- volume
|k v.18-19
|l 1983-1984
|m A14812924283
|
| 952 |
f |
f |
|p ric
|a Texas A&M University
|b Rellis Campus
|c Joint Library Facility
|d Remote Storage
|t 0
|e BL240.2 .Z9
|h Library of Congress classification
|i unmediated -- volume
|k v.32
|l 1997
|m A14822506817
|
| 952 |
f |
f |
|p ric
|a Texas A&M University
|b Rellis Campus
|c Joint Library Facility
|d Remote Storage
|t 0
|e BL240.2 .Z9
|h Library of Congress classification
|i unmediated -- volume
|k v.24
|l 1989
|m A14812878042
|
| 952 |
f |
f |
|p ric
|a Texas A&M University
|b Rellis Campus
|c Joint Library Facility
|d Remote Storage
|t 0
|e BL240.2 .Z9
|h Library of Congress classification
|i unmediated -- volume
|k v.38:no.1-2
|l 2003:Mar.-June
|m A14831814992
|
| 998 |
f |
f |
|a BL240.2 .Z9
|s v.37-38 (2002-2003)
|t 0
|l Remote Storage
|